<?xml version="1.0" encoding="UTF-8"?>
<record
    xmlns:xsi="http://www.w3.org/2001/XMLSchema-instance"
    xsi:schemaLocation="http://www.loc.gov/MARC21/slim http://www.loc.gov/standards/marcxml/schema/MARC21slim.xsd"
    xmlns="http://www.loc.gov/MARC21/slim">

  <leader>00683nam a22002537a 4500</leader>
  <controlfield tag="005">20251208115738.0</controlfield>
  <controlfield tag="006">000</controlfield>
  <controlfield tag="007">000</controlfield>
  <controlfield tag="008">000</controlfield>
  <datafield tag="020" ind1=" " ind2=" ">
    <subfield code="a">0763718564</subfield>
  </datafield>
  <datafield tag="040" ind1=" " ind2=" ">
    <subfield code="a">UOEL</subfield>
  </datafield>
  <datafield tag="050" ind1=" " ind2=" ">
    <subfield code="a">RG950</subfield>
    <subfield code="b">.V37 2004</subfield>
  </datafield>
  <datafield tag="100" ind1=" " ind2=" ">
    <subfield code="a">Varney, Helen</subfield>
  </datafield>
  <datafield tag="245" ind1=" " ind2=" ">
    <subfield code="a">Varney's midwifery /</subfield>
    <subfield code="c">Helen Varney, Jan M. Kriebs and Carolyn L. Gegor</subfield>
  </datafield>
  <datafield tag="250" ind1=" " ind2=" ">
    <subfield code="a">4th ed.</subfield>
  </datafield>
  <datafield tag="260" ind1=" " ind2=" ">
    <subfield code="a">Sudbury :</subfield>
    <subfield code="b">Jones and Bartlett Publishers,</subfield>
    <subfield code="c">c2004.</subfield>
  </datafield>
  <datafield tag="300" ind1=" " ind2=" ">
    <subfield code="a">xxxix, 1386 p. :</subfield>
    <subfield code="b">ill.</subfield>
  </datafield>
  <datafield tag="500" ind1=" " ind2=" ">
    <subfield code="a">Includes bibliographical references and index</subfield>
  </datafield>
  <datafield tag="650" ind1=" " ind2=" ">
    <subfield code="a">Midwifery</subfield>
  </datafield>
  <datafield tag="650" ind1=" " ind2=" ">
    <subfield code="a">Nurse midwives</subfield>
  </datafield>
  <datafield tag="700" ind1=" " ind2=" ">
    <subfield code="a">Kriebs, Jan M.</subfield>
    <subfield code="e">author</subfield>
  </datafield>
  <datafield tag="700" ind1=" " ind2=" ">
    <subfield code="a">Gegor, Carolyn L.</subfield>
    <subfield code="e">author</subfield>
  </datafield>
  <datafield tag="942" ind1=" " ind2=" ">
    <subfield code="2">lcc</subfield>
    <subfield code="c">BK</subfield>
  </datafield>
  <datafield tag="999" ind1=" " ind2=" ">
    <subfield code="c">17898</subfield>
    <subfield code="d">17898</subfield>
  </datafield>
  <datafield tag="952" ind1=" " ind2=" ">
    <subfield code="0">0</subfield>
    <subfield code="1">0</subfield>
    <subfield code="2">lcc</subfield>
    <subfield code="4">0</subfield>
    <subfield code="7">0</subfield>
    <subfield code="a">UOE</subfield>
    <subfield code="b">UOE</subfield>
    <subfield code="c">SHO</subfield>
    <subfield code="d">2025-12-08</subfield>
    <subfield code="e">Purchase</subfield>
    <subfield code="g">18515.63</subfield>
    <subfield code="l">0</subfield>
    <subfield code="o">RG950 .V37 2004</subfield>
    <subfield code="p">20161373</subfield>
    <subfield code="r">2026-04-27 09:33:45</subfield>
    <subfield code="t">20161373</subfield>
    <subfield code="w">2025-12-08</subfield>
    <subfield code="y">SL2</subfield>
  </datafield>
  <datafield tag="952" ind1=" " ind2=" ">
    <subfield code="0">0</subfield>
    <subfield code="1">0</subfield>
    <subfield code="2">lcc</subfield>
    <subfield code="4">0</subfield>
    <subfield code="7">0</subfield>
    <subfield code="a">UOE</subfield>
    <subfield code="b">UOE</subfield>
    <subfield code="c">SHO</subfield>
    <subfield code="d">2025-12-08</subfield>
    <subfield code="e">Purchase</subfield>
    <subfield code="g">18515.63</subfield>
    <subfield code="l">0</subfield>
    <subfield code="o">RG950 .V37 2004</subfield>
    <subfield code="p">20161374</subfield>
    <subfield code="r">2026-04-27 09:33:44</subfield>
    <subfield code="t">20161374</subfield>
    <subfield code="w">2025-12-08</subfield>
    <subfield code="y">SL2</subfield>
  </datafield>
  <datafield tag="952" ind1=" " ind2=" ">
    <subfield code="0">0</subfield>
    <subfield code="1">0</subfield>
    <subfield code="2">lcc</subfield>
    <subfield code="4">0</subfield>
    <subfield code="7">0</subfield>
    <subfield code="a">UOE</subfield>
    <subfield code="b">UOE</subfield>
    <subfield code="c">SHO</subfield>
    <subfield code="d">2025-12-08</subfield>
    <subfield code="e">Purchase</subfield>
    <subfield code="g">18515.63</subfield>
    <subfield code="l">0</subfield>
    <subfield code="o">RG950 .V37 2004</subfield>
    <subfield code="p">20161375</subfield>
    <subfield code="r">2026-04-27 09:33:44</subfield>
    <subfield code="t">20161375</subfield>
    <subfield code="w">2025-12-08</subfield>
    <subfield code="y">SL2</subfield>
  </datafield>
  <datafield tag="952" ind1=" " ind2=" ">
    <subfield code="0">0</subfield>
    <subfield code="1">0</subfield>
    <subfield code="2">lcc</subfield>
    <subfield code="4">0</subfield>
    <subfield code="7">0</subfield>
    <subfield code="a">UOE</subfield>
    <subfield code="b">UOE</subfield>
    <subfield code="c">GEN</subfield>
    <subfield code="d">2025-12-08</subfield>
    <subfield code="e">Purchase</subfield>
    <subfield code="g">18515.63</subfield>
    <subfield code="l">0</subfield>
    <subfield code="o">RG950 .V37 2004</subfield>
    <subfield code="p">20161376</subfield>
    <subfield code="r">2026-04-27 11:57:37</subfield>
    <subfield code="t">20161376</subfield>
    <subfield code="w">2025-12-08</subfield>
    <subfield code="y">LL</subfield>
  </datafield>
  <datafield tag="952" ind1=" " ind2=" ">
    <subfield code="0">0</subfield>
    <subfield code="1">0</subfield>
    <subfield code="2">lcc</subfield>
    <subfield code="4">0</subfield>
    <subfield code="7">0</subfield>
    <subfield code="a">UOE</subfield>
    <subfield code="b">UOE</subfield>
    <subfield code="c">GEN</subfield>
    <subfield code="d">2025-12-08</subfield>
    <subfield code="e">Purchase</subfield>
    <subfield code="g">18515.63</subfield>
    <subfield code="l">0</subfield>
    <subfield code="o">RG950 .V37 2004</subfield>
    <subfield code="p">20161377</subfield>
    <subfield code="r">2026-04-27 11:57:38</subfield>
    <subfield code="t">20161377</subfield>
    <subfield code="w">2025-12-08</subfield>
    <subfield code="y">LL</subfield>
  </datafield>
</record>
